Mass transfer : (Record no. 21062)
[ view plain ]
| 000 -LEADER | |
|---|---|
| fixed length control field | 00917cam a22002655a 4500 |
| 001 - CONTROL NUMBER | |
| control field | 3769223 |
| 005 - DATE AND TIME OF LATEST TRANSACTION | |
| control field | 20151119144643.0 |
| 008 - FIXED-LENGTH DATA ELEMENTS--GENERAL INFORMATION | |
| fixed length control field | 830912t1985 njua frb 001 0 eng d |
| 020 ## - INTERNATIONAL STANDARD BOOK NUMBER | |
| International Standard Book Number | 0135596092 |
| 020 ## - INTERNATIONAL STANDARD BOOK NUMBER | |
| International Standard Book Number | 9780135596098 |
| 040 ## - CATALOGING SOURCE | |
| Original cataloging agency | DLC |
| Transcribing agency | DLC |
| Modifying agency | DLC |
| -- | EG-ScBUE |
| Language of cataloging | eng |
| 082 04 - DEWEY DECIMAL CLASSIFICATION NUMBER | |
| Classification number | 660.28423 |
| Edition number | 22 |
| Item number | HIN |
| 100 1# - MAIN ENTRY--PERSONAL NAME | |
| Personal name | Hines, Anthony L. |
| 9 (RLIN) | 38772 |
| 245 10 - TITLE STATEMENT | |
| Title | Mass transfer : |
| Remainder of title | fundamentals and applications / |
| Statement of responsibility, etc | Anthony L. Hines, Robert N. Maddox. |
| 260 ## - PUBLICATION, DISTRIBUTION, ETC. (IMPRINT) | |
| Place of publication, distribution, etc | Upper Saddle River : |
| Name of publisher, distributor, etc | Prentice-Hall, |
| Date of publication, distribution, etc | c.1985. |
| 300 ## - PHYSICAL DESCRIPTION | |
| Extent | xiii, 542 p. : |
| Other physical details | ill. ; |
| Dimensions | 24 cm. |
| 490 0# - Series Statement | |
| Series statement | Prentice-Hall international series in the physical and chemical engineering sciences |
| 504 ## - BIBLIOGRAPHY, ETC. NOTE | |
| Bibliography, etc | Includes bibliographies and indexes. |
| 650 #7 - SUBJECT ADDED ENTRY--TOPICAL TERM | |
| Topical term or geographic name as entry element | Mass transfer. |
| Source of heading or term | BUEsh |
| 9 (RLIN) | 37175 |
| 651 ## - SUBJECT ADDED ENTRY--GEOGRAPHIC NAME | |
| Source of heading or term | BUEsh |
| 653 ## - INDEX TERM--UNCONTROLLED | |
| Resource For college | Engineering, Chemical |
| Arrived date list | November2015 |
| 655 ## - INDEX TERM--GENRE/FORM | |
| Form subdivision | Reading book |
| -- | 34232 |
| 700 1# - ADDED ENTRY--PERSONAL NAME | |
| Personal name | Maddox, Robert N. |
| Fuller form of name | (Robert Nott), |
| Dates associated with a name | 1925- |
| 942 ## - ADDED ENTRY ELEMENTS (KOHA) | |
| Source of classification or shelving scheme | Dewey Decimal Classification |
| Withdrawn status | Item status | Source of classification or shelving scheme | Damaged status | Not for loan | Vendor | Home library | Current library | Shelving location | Date acquired | Source of acquisition | Cost, normal purchase price | Total Checkouts | Full call number | Barcode | Date last seen | Date last borrowed | Cost, replacement price | Koha item type |
|---|---|---|---|---|---|---|---|---|---|---|---|---|---|---|---|---|---|---|
| Dewey Decimal Classification | Baccah | Central Library | Central Library | First floor | 19/11/2015 | Purchase | 950.00 | 1 | 660.28423 HIN | 000031358 | 15/07/2025 | 26/10/2017 | 1188.00 | Book - Borrowing | ||||
| Dewey Decimal Classification | Baccah | Central Library | Central Library | First floor | 19/11/2015 | Purchase | 660.28423 HIN | 000031357 | 15/07/2025 | Book - Borrowing | ||||||||
| Dewey Decimal Classification | Baccah | Central Library | Central Library | First floor | 19/11/2015 | Purchase | 660.28423 HIN | 000031356 | 15/07/2025 | Book - Borrowing |